[Event "Nagoya Open"]
[Date "2007.05.26"]
[Round "1"]
[White "Nanjo,R"]
[Black "Hoshino,E"]
[Result "1-0"]
[WhiteElo "2231"]
[BlackElo "1747"]
1.d4 Nf6 2.c4 g6 3.Nc3 Bg7 4.e4 d6 5.Nge2 O-O 6.Ng3 e5 7.d5 c6 8.h4 cxd5 9.cxd5 Qb6 10.Be2 Na6 11.a3 Bd7 12.b4 Rac8 13.Be3 Qc7 14.Rc1 Qb8 15.h5 b5 16.Qd2 Nc7 17.Bh6 Nce8 18.Bf3 a5 19.Nge2 Rc4 20.Bxg7 Kxg7 21.hxg6 fxg6 22.Qh6+ Kg8 23.g4 Rf7 24.Qh4 axb4 25.axb4 Nxd5 26.Nxd5 Be6 27.Rxc4 bxc4 28.Nec3 Qa7 29.Ke2 Bxd5 30.Nxd5 Qd4 31.Rd1 Qb2+ 32.Rd2 Qb3 33.Bg2 c3 34.Qg3 Qc4+ 35.Qd3 Qc5 36.bxc5 1-0

[Event "Nagoya Open"]
[Date "2007.05.26"]
[Round "1"]
[White "Mori,T"]
[Black "Kojima,S"]
[Result "0-1"]
[WhiteElo "1740"]
[BlackElo "2189"]
1.e4 e6 2.d3 c5 3.Nc3 Nc6 4.g3 g6 5.Bg2 Bg7 6.Be3 d6 7.Nge2 Nge7 8.Qd2 Qa5 9.Bh6 Bxh6 10.Qxh6 Nd4 11.Nxd4 cxd4 12.Qg7 Qe5 13.Qxe5 dxe5 14.Nb5 O-O 15.f4 exf4 16.gxf4 Rd8 17.Kd2 a6 18.Na3 b5 19.c4 dxc3+ 20.bxc3 Bb7 21.Rhg1 Rac8 22.Rac1 Rc5 23.e5 Bxg2 24.Rxg2 Nd5 25.Rf2 b4 26.Nb1 Ra5 27.Rc2 bxc3+ 28.Nxc3 Nb4 29.Rf3 Nxc2 30.Kxc2 Kg7 31.Rf1 Rd4 32.Rf3 Rb4 33.h3 Kh6 34.Rf1 Kh5 35.Rf2 Kh4 36.Rf3 Ra3 37.Rf1 Kxh3 38.Rh1+ Kg4 39.Rxh7 Rxf4 40.Kb2 Ra5 41.d4 Rxd4 42.Rxf7 Rxe5 43.Ra7 a5 0-1

[Event "Nagoya Open"]
[Date "2007.05.26"]
[Round "1"]
[White "Fujisawa,H"]
[Black "Shiomi,R"]
[Result "0-1"]
[WhiteElo "1735"]
[BlackElo "2073"]
1.c4 e6 2.Nc3 d5 3.cxd5 exd5 4.d3 Nf6 5.Nf3 d4 6.Nb5 c5 7.a4 Nc6 8.g3 Be7 9.Bg2 O-O 10.O-O Be6 11.Bd2 Bd5 12.Bf4 Rac8 13.Bh3 Be6 14.Bxe6 fxe6 15.Ng5 Qd5 16.e4 dxe3 17.Bxe3 a6 18.Nc3 Qd7 19.Qb3 Nd4 20.Bxd4 cxd4 21.Nce4 Rc6 22.Rfe1 Nxe4 23.Nxe4 Kh8 24.h4 Qc7 25.Ng5 Bxg5 26.hxg5 Rc2 27.Rf1 Rfxf2 28.Qxc2 Qxg3+ 0-1

[Event "Nagoya Open"]
[Date "2007.05.26"]
[Round "1"]
[White "Looijmans,K"]
[Black "Sawamura,T"]
[Result "1-0"]
[WhiteElo "2042"]
[BlackElo "1716"]
1.e4 c6 2.d4 d5 3.Nd2 dxe4 4.Nxe4 Nf6 5.Nxf6+ gxf6 6.c3 Bf5 7.h4 h5 8.Ne2 e6 9.Ng3 Bg6 10.Be2 Qa5 11.Qb3 Qc7 12.Bf4 Qd7 13.O-O Bh6 14.Bxh6 Rxh6 15.Qd1 Qd5 16.Qd2 Rh8 17.c4 Qd6 18.Rfe1 Na6 19.Rad1 O-O-O 20.a3 Nc5 21.Qa5 Nb3 22.Qxa7 Nxd4 23.Bf1 e5 24.Qa8+ Qb8 25.Qa5 Qc7 26.Qc3 Nc2 27.Rxd8+ Rxd8 28.Rc1 Nd4 29.c5 Kb8 30.b4 Qd7 31.f3 Qd5 32.Bc4 Qd7 33.a4 Ne6 34.Ne2 Qd2 35.a5 Qxc3 36.Rxc3 Rd1+ 37.Kf2 Rb1 38.Rb3 Rxb3 39.Bxb3 Nc7 40.Nc3 Na6 41.Na2 Kc7 42.Ke3 Kd7 43.Kd2 Nc7 44.Bc4 Ne6 45.Nc3 Nd4 46.Ne4 Nf5 47.g3 Nd4 48.Nxf6+ Ke7 49.Nd5+ cxd5 50.Bxd5 Kd7 51.Bxb7 Nc6 52.a6 Na7 53.Kc3 f5 54.Bd5 Be8 55.f4 Nb5+ 56.Kc4 Nc7 57.fxe5 Nxd5 58.Kxd5 Bf7+ 59.Kd4 Kc6 60.b5+ Kc7 61.b6+ Kb8 62.c6 1-0

[Event "Nagoya Open"]
[Date "2007.05.26"]
[Round "1"]
[White "Yokomizo,Y"]
[Black "Gonda,G"]
[Result "0-1"]
[WhiteElo "1607"]
[BlackElo "2033"]
1.e4 c5 2.Nc3 Nc6 3.g3 g6 4.d3 Bg7 5.Be3 d6 6.Qd2 e6 7.Bg2 Rb8 8.Nge2 Nd4 9.Nd1 Ne7 10.Nc1 b6 11.c3 Ndc6 12.Bh6 O-O 13.h4 f6 14.Bxg7 Kxg7 15.Ne2 d5 16.Nf4 dxe4 17.h5 g5 18.h6+ Kh8 19.Nh5 Qxd3 20.Qxd3 exd3 21.Kd2 c4 22.Ne3 b5 23.Ng4 f5 24.Ngf6 Ne5 25.Rae1 Ng4 26.Nxh7 Kxh7 27.Ng7 Rf6 28.f3 Nxh6 29.Ne8 Rg6 30.f4 gxf4 31.Bf3 Bb7 32.Bxb7 Rxb7 33.Nd6 Rb6 34.Nf7 Kg7 35.Ne5 Rxg3 36.Nd7 Rg2+ 37.Kd1 Ra6 38.a3 Ng4 39.Rhg1 Ne3+ 0-1

[Event "Nagoya Open"]
[Date "2007.05.26"]
[Round "1"]
[White "Irie,Y"]
[Black "Robertson,P"]
[Result "1-0"]
[WhiteElo "1986"]
[BlackElo "1549"]
1.d4 f5 2.c4 Nf6 3.Nc3 g6 4.g3 Bg7 5.Bg2 O-O 6.Nh3 d6 7.O-O Na6 8.Qb3 c6 9.Nf4 Nc7 10.d5 c5 11.h4 a6 12.a4 Rb8 13.Bd2 e5 14.dxe6 Nxe6 15.Nxe6 Bxe6 16.Rad1 Qe7 17.Bf4 Rfd8 18.Qb6 Bf8 19.Rfe1 Bxc4 20.e4 Nxe4 21.Nxe4 fxe4 22.Rxe4 Qf7 23.Rxc4 Kh8 24.Rxc5 h6 25.Rc7 Rd7 26.Rxd7 Qxd7 27.Bxd6 Bxd6 28.Rxd6 Qxa4 29.Rxg6 Qd1+ 30.Kh2 Qd7 31.Qf6+ Kh7 32.Rxh6+ 1-0

[Event "Nagoya Open"]
[Date "2007.05.26"]
[Round "1"]
[White "Morimoto,K"]
[Black "Takahashi,R"]
[Result "0-1"]
[WhiteElo "1412"]
[BlackElo "1984"]
1.Nf3 Nf6 2.d4 e6 3.c4 d5 4.cxd5 exd5 5.Bg5 Be7 6.e3 O-O 7.Nc3 c6 8.Ne2 Ne4 9.Bxe7 Qxe7 10.Nd2 Nd7 11.Nxe4 dxe4 12.Ng3 Nf6 13.Be2 Qb4+ 14.Qd2 a5 15.h3 Be6 16.a3 Qd6 17.Qc2 Bd5 18.Bc4 Rfc8 19.O-O b5 20.Bxd5 cxd5 21.Qb3 Qd7 22.Rac1 Rc4 23.Rc3 Ne8 24.Rfc1 Nd6 25.Qd1 Rac8 26.Qd2 a4 27.Ne2 f5 28.Nf4 Qf7 29.Qd1 Rxc3 30.Rxc3 Rxc3 31.bxc3 g5 32.Ne2 Nc4 33.Ng3 Nxa3 34.Qa1 Nc4 35.Qb1 Qd7 36.Qd1 f4 37.exf4 gxf4 38.Nh5 Qf5 39.g3 fxg3 40.Nxg3 Qf3 41.Qb1 e3 42.Qxb5 exf2+ 43.Kh2 f1=N+ 44.Nxf1 Qf2+ 45.Kh1 Qxf1+ 46.Kh2 Qf2+ 47.Kh1 Qf3+ 48.Kh2 Qf4+ 49.Kh1 Qe4+ 50.Kh2 a3 51.Qb8+ Kf7 52.Qc7+ Kf6 53.Qd8+ Kf5 54.Qd7+ Kf4 55.Qg4+ Ke3 56.Qg1+ Kd2 57.Qg5+ Kxc3 58.Qg3+ Qe3 59.Qg8 Qf2+ 60.Kh1 a2 0-1

[Event "Nagoya Open"]
[Date "2007.05.26"]
[Round "1"]
[White "Noguchi,K"]
[Black "Iwaki,R"]
[Result "1-0"]
[WhiteElo "1979"]
[BlackElo "400"]
1.e4 e6 2.d4 d5 3.Nc3 Bb4 4.e5 c5 5.a3 Bxc3+ 6.bxc3 Qc7 7.Ne2 Ne7 8.g3 cxd4 9.cxd4 Nbc6 10.Bg2 Bd7 11.O-O Nef5 12.Bb2 Na5 13.Bc3 O-O 14.Bxa5 Qxa5 15.c4 Rac8 16.cxd5 exd5 17.Nf4 Bc6 18.Qg4 g6 19.Nh5 Kh8 20.Nf6 Rcd8 21.Qh3 h5 22.Nxh5 Ng7 23.Nf6+ Nh5 24.g4 1-0

[Event "Nagoya Open"]
[Date "2007.05.26"]
[Round "2"]
[White "Gonda,G"]
[Black "Nanjo,R"]
[Result "1/2-1/2"]
[WhiteElo "2033"]
[BlackElo "2231"]
1.e4 c5 2.Nf3 d6 3.d4 cxd4 4.Nxd4 Nf6 5.Nc3 a6 6.Bg5 e6 7.f4 Qb6 8.Qd2 Qxb2 9.Rb1 Qa3 10.Bxf6 gxf6 11.Be2 Nc6 12.Nxc6 bxc6 13.O-O Bg7 14.f5 O-O 15.Rb3 Qc5+ 16.Kh1 Qe5 17.Na4 Ra7 18.Rg3 Kh8 19.Bd3 Re7 20.Nb6 d5 21.Nxc8 Rxc8 22.fxe6 fxe6 23.exd5 cxd5 24.Bxa6 Ra8 25.Bd3 Rxa2 26.Rh3 f5 27.Re3 Qd4 28.Qe2 Ra1 29.Ref3 Rxf1+ 30.Rxf1 Qe5 31.Qh5 Bf6 32.g3 Rg7 33.Rb1 Rg8 34.Rb7 Bg7 35.Re7 Qf6 36.Rb7 Qg6 37.Qh4 e5 38.Qb4 e4 39.Be2 f4 40.Rb8 f3 41.Rxg8+ Kxg8 42.Qb8+ Bf8 43.Bf1 e3 44.Qe5 e2 45.Qxd5+ Qf7 46.Qg5+ Kh8 47.Bxe2 fxe2 48.Qe5+ Bg7 49.Qxe2 Qb7+ 50.Qg2 Qb1+ 51.Qg1 Qxc2 52.h4 Be5 53.Qe3 Qd1+ 54.Kg2 Qd5+ 55.Qf3 Qd2+ 56.Qf2 Qxf2+ 57.Kxf2 Kg7 58.Kf3 Kf6 59.Ke4 h5 60.Kf3 Kf5 61.Kg2 Kg4 62.Kh2 Kf3 63.Kh3 Bd4 64.Kh2 Be3 65.Kh1 Bc5 66.Kh2 Kg4 67.Kg2 Be3 68.Kh2 Kf3 69.Kh1 Kf2 70.Kh2 Bd4 71.Kh3 Kf3 72.Kh2 Bb6 73.Kh1 Ke2 74.Kg2 Ke3 75.g4 hxg4 76.Kg3 Ke4 77.Kxg4 Ke5 78.h5 Kf6 79.h6 Kg6 80.h7 Bd4 h8=Q Bxh8 1/2-1/2

[Event "Nagoya Open"]
[Date "2007.05.26"]
[Round "2"]
[White "Kojima,S"]
[Black "Irie,Y"]
[Result "1-0"]
[WhiteElo "2189"]
[BlackElo "1986"]
1.e4 c6 2.d4 d5 3.e5 c5 4.Nf3 Nc6 5.c4 cxd4 6.Nxd4 e6 7.Nxc6 bxc6 8.Nc3 Qc7 9.Bf4 g5 10.Bg3 Bb4 11.Be2 Ne7 12.O-O Nf5 13.cxd5 Nxg3 14.hxg3 exd5 15.Nxd5 cxd5 16.Qa4+ Bd7 17.Qxb4 Rb8 18.Qd4 Be6 19.Rac1 Qb6 20.Qxb6 Rxb6 21.b3 Kd7 22.f4 gxf4 23.gxf4 Bf5 24.Bf3 Ke6 25.Rfd1 Be4 26.Kf2 Kf5 27.Ke3 Bxf3 28.Kxf3 Rg8 29.Rc7 Rg7 30.Rh1 Ra6 31.g4+ Ke6 32.Rh6+ Rg6 33.f5+ Kxe5 34.fxg6 Rf6+ 35.Kg3 hxg6 36.Rxa7 Ke4 37.Rh8 Rf3+ 38.Kg2 Rf4 39.Re8+ Kd3 40.Rd7 Rxg4+ 41.Kf3 f5 42.Rxd5+ Kc3 43.Rc8+ 1-0

[Event "Nagoya Open"]
[Date "2007.05.26"]
[Round "2"]
[White "Shiomi,R "]
[Black "Noguchi,K "]
[Result "1-0"]
[WhiteElo "2073"]
[BlackElo "1979"]
1.e4 d6 2.d4 Nf6 3.Nc3 g6 4.Be3 c6 5.Qd2 b5 6.Bd3 Nbd7 7.Nf3 e5 8.O-O Bg7 9.Bh6 O-O 10.Bxg7 Kxg7 11.a4 b4 12.Ne2 Rb8 13.Ng3 Bb7 14.Rad1 c5 15.dxe5 dxe5 16.Qg5 Ng8 17.Nf5+ Kh8 18.Qxd8 Rbxd8 19.Nd6 Ba8 20.Bc4 Kg7 21.a5 h6 22.Rd2 Ndf6 23.Rfd1 Rxd6 24.Rxd6 Bxe4 25.c3 Bxf3 26.gxf3 e4 27.fxe4 Nxe4 28.Rd8 bxc3 29.bxc3 Ngf6 30.Rxf8 Kxf8 31.Rd8+ Ke7 32.Ra8 Nh5 33.Rxa7+ Kd6 34.Rxf7 Ng5 35.a6 Nxf7 1-0

[Event "Nagoya Open"]
[Date "2007.05.26"]
[Round "2"]
[White "Beheshiti"]
[Black "Bibby,S"]
[Result "0-1"]
[WhiteElo "1154"]
[BlackElo "2219"]
1.e4 e6 2.d4 d5 3.Nc3 Bb4 4.Bd2 Nf6 5.e5 Bxc3 6.bxc3 Ne4 7.Bd3 Nxd2 8.Qxd2 c5 9.Nf3 Nc6 10.Bb5 Qa5 11.Bxc6+ bxc6 12.O-O O-O 13.c4 Qxd2 14.Nxd2 cxd4 15.Nf3 c5 16.Nd2 dxc4 17.Nxc4 Ba6 18.Nd2 Bxf1 19.Kxf1 Rab8 20.Nb3 Rfc8 21.Ke2 a5 22.Kd3 c4+ 0-1

[Event "Nagoya Open"]
[Date "2007.05.26"]
[Round "2"]
[White "Akai,K"]
[Black "Sawamura,T"]
[Result "1-0"]
[WhiteElo "1883"]
[BlackElo "1716"]
1.d4 b5 2.Nf3 Bb7 3.e3 b4 4.c4 e6 5.Be2 c5 6.O-O Nf6 7.Nbd2 d5 8.Nb3 Nbd7 9.a3 a5 10.axb4 axb4 11.Rxa8 Qxa8 12.Bd2 cxd4 13.exd4 dxc4 14.Bxc4 Bd6 15.Be2 Nd5 16.Qc2 O-O 17.Ra1 Qc8 18.Qd3 Qb8 19.Qb5 N7f6 20.Nc5 Ba8 21.Ra4 Qxb5 22.Bxb5 Bxc5 23.dxc5 Ne4 24.Bxb4 Nxb4 25.Rxb4 Nxc5 26.Be2 Bd5 27.h3 f5 28.Ne5 Ra8 29.Bc4 Bxc4 30.Rxc4 Ne4 31.f3 Ra1+ 32.Kh2 Nd6 33.Rc6 Ne8 34.Rxe6 Kf8 35.Rb6 Rb1 36.b4 Nc7 37.Nd3 Ke7 38.Nc5 Rb2 39.Kg3 g6 40.Rb7 Kd6 41.Rb6+ Ke7 42.h4 f4+ 43.Kh3 Nd5 44.Rb7+ Kd6 45.Rd7+ Kc6 46.Rxh7 Rxb4 47.Nd3 Rd4 48.Ne5+ 1-0

[Event "Nagoya Open"]
[Date "2007.05.26"]
[Round "2"]
[White "Hoshino,E"]
[Black "Yokomizo,Y"]
[Result "1-0"]
[WhiteElo "1747"]
[BlackElo "1607"]
1.d4 f5 2.c4 e6 3.Nc3 Be7 4.Nf3 Nf6 5.d5 O-O 6.Qc2 c6 7.dxe6 dxe6 8.Bf4 Na6 9.Rd1 Qe8 10.e3 Nc5 11.a3 Nh5 12.Be5 f4 13.exf4 Nxf4 14.b4 Nd7 15.Bxf4 Rxf4 16.Bd3 Qh5 17.Ne2 Rf7 18.Ng3 Qh6 19.c5 g6 20.Ne4 Qf4 21.Nd4 Ne5 22.Be2 Ng4 23.g3 Qc7 24.Bxg4 e5 25.Ne6 Bxe6 26.Bxe6 Raf8 27.Rd7 Qxd7 28.Bxd7 Rf3 29.Be6+ Kg7 30.Qb2 Bf6 31.O-O Re8 32.Bg4 Rd3 33.f4 Rd4 34.Nxf6 Kxf6 35.fxe5+ 1-0

[Event "Nagoya Open"]
[Date "2007.05.26"]
[Round "2"]
[White "Robertson,P"]
[Black "Mori,T"]
[Result "0-1"]
[WhiteElo "1549"]
[BlackElo "1740"]
1.e4 e6 2.d4 d5 3.Nd2 c5 4.exd5 Qxd5 5.Ngf3 cxd4 6.Bc4 Qd8 7.Nb3 Nc6 8.Nbxd4 Nxd4 9.Qxd4 Qxd4 10.Nxd4 Bc5 11.Nb5 Bb6 12.Bf4 Bd7 13.Nd6+ Ke7 14.Nxb7 Bc6 15.Bd6+ Kd7 16.Rd1 Bxb7 17.Be5+ Ke7 18.Bxg7 Nf6 19.Bxh8 Rxh8 20.f3 Rg8 21.Rd2 Nh5 22.c3 Nf4 23.g3 Bxf3 24.Rf1 Ng2+ 25.Rxg2 Bxg2 26.Rf4 h6 27.Rh4 Be3 28.Ke2 Bc1 29.b3 Rd8 30.Rd4 Rxd4 31.cxd4 Be4 32.b4 Bd5 33.Kd3 Kd6 34.a4 Bxc4+ 35.Kxc4 h5 36.b5 Bd2 37.Kd3 Ba5 38.h3 Kd5 39.Ke3 Bc7 40.g4 hxg4 41.hxg4 f6 42.Kd3 Bb6 43.Ke3 Bxd4+ 44.Kf4 Be5+ 45.Ke3 Bc7 46.Kd3 e5 47.Ke3 e4 48.Kd2 Kd4 49.Ke2 Ba5 50.Kd1 Kd3 0-1

[Event "Nagoya Open"]
[Date "2007.05.26"]
[Round "2"]
[White "Lacang,P"]
[Black "Morimoto,K"]
[Result "1-0"]
[WhiteElo "1740"]
[BlackElo "1412"]
1.c4 e5 2.Nc3 Nf6 3.g3 d5 4.cxd5 Nxd5 5.Bg2 Be6 6.Nf3 Bd6 7.d3 c6 8.O-O O-O 9.a3 f5 10.Ng5 Qf6 11.Nxe6 Qxe6 12.Qb3 Nf4 13.Qxb7 Nxg2 14.Kxg2 Nd7 15.Qxc6 f4 16.Ne4 1-0

[Event "Nagoya Open"]
[Date "2007.05.26"]
[Round "2"]
[White "Iwaki,R"]
[Black "Fujisawa,H"]
[Result "0-1"]
[WhiteElo "400"]
[BlackElo "1735"]
1.e4 c5 2.Nf3 d6 3.d4 cxd4 4.Nxd4 Nf6 5.Nc3 g6 6.Be2 Bg7 7.Be3 O-O 8.Qd2 Nc6 9.Nf3 Bd7 10.Bh6 Qa5 11.Bxg7 Kxg7 12.h4 h5 13.Ng5 Rac8 14.f4 Bg4 15.Bf3 Qb6 16.Rb1 Qd4 17.a3 Qxd2+ 18.Kxd2 e5 19.Bxg4 Nxg4 20.f5 gxf5 21.exf5 Nd4 22.Rhf1 d5 23.Rbc1 Nf6 24.Kd3 Nc6 25.Nh3 e4+ 26.Ke2 Rcd8 27.Rcd1 d4 28.Nb5 a6 29.Nxd4 Nxd4+ 30.Ke3 Nxc2+ 31.Kf4 e3 0-1

[Event "Nagoya Open"]
[Date "2007.05.27"]
[Round "3"]
[White "Looijmans,K"]
[Black "Kojima,S"]
[Result "1-0"]
[WhiteElo "2042"]
[BlackElo "2189"]
1.e4 c5 2.Nf3 d6 3.d4 cxd4 4.Nxd4 Nf6 5.Nc3 g6 6.Be3 Bg7 7.f3 a6 8.Qd2 Nbd7 9.O-O-O b5 10.Nc6 Qc7 11.Nb4 Bb7 12.Nbd5 Nxd5 13.Nxd5 Bxd5 14.exd5 Rc8 15.Kb1 Nb6 16.Bxb6 Qxb6 17.h4 a5 18.h5 Qc5 19.Rc1 b4 20.hxg6 hxg6 21.Rxh8+ Bxh8 22.g4 Kf8 23.f4 a4 24.f5 gxf5 25.gxf5 a3 26.f6 Bxf6 27.Bh3 axb2 28.Rf1 Qc3 29.Qh6+ Bg7 30.Qg6 Bf6 31.Qh6+ Bg7 32.Qh7 Rc4 33.Rxf7+ Kxf7 34.Be6+ Ke8 35.Qg8+ Bf8 36.Qf7+ Kd8 37.Qxf8+ Kc7 38.Qc8+ Kb6 39.Qb8+ Kc5 40.Qa7+ Kb5 41.Bd7+ Rc6 42.Bxc6+ Kc4 43.Qa6+ Kc5 44.Qb5+ Kd4 45.Qd3+ Kc5 46.Qb5+ Kd4 47.Qe2 e5 48.dxe6 Qxc6 49.e7 Qe8 50.Qf2+ Kc3 51.Qf6+ 1-0

[Event "Nagoya Open"]
[Date "2007.05.27"]
[Round "3"]
[White "Takahashi,R"]
[Black "Shiomi,R"]
[Result "1/2-1/2"]
[WhiteElo "1984"]
[BlackElo "2073"]
1.e4 c5 2.Nf3 Nc6 3.d4 cxd4 4.Nxd4 Nf6 5.Nc3 e6 6.Be3 Bb4 7.Nxc6 bxc6 8.Qd3 d5 9.exd5 cxd5 10.Bd2 O-O 11.Be2 Rb8 12.O-O Ne4 13.Nxe4 dxe4 14.Qxd8 Rxd8 15.Bf4 Rb7 16.Rfd1 Rbd7 17.Rxd7 Rxd7 18.Rd1 f5 19.Kf1 Kf7 20.Rxd7+ Bxd7 21.Ba6 Bc5 22.a3 Kf6 23.Be3 Bxe3 24.fxe3 g5 25.c4 Ke5 26.b4 Kd6 27.Kf2 e5 28.Ke2 h5 29.Kd2 h4 30.c5+ Kc6 31.Ke2 f4 32.Kf2 Be6 33.h3 Bf7 34.Be2 Bb3 35.Ba6 Ba2 36.Ke2 Be6 37.Kf2 f3 38.Bf1 g4 39.hxg4 Bxg4 40.Ba6 h3 41.gxh3 Bxh3 1/2-1/2

[Event "Nagoya Open"]
[Date "2007.05.27"]
[Round "3"]
[White "Nanjo,R"]
[Black "Bibby,S"]
[Result "0-1"]
[WhiteElo "2231"]
[BlackElo "2219"]
1.d4 Nf6 2.c4 Nc6 3.Nf3 e6 4.Nc3 Bb4 5.Qc2 d6 6.Bg5 h6 7.Bh4 g5 8.Bg3 g4 9.d5 exd5 10.cxd5 Nxd5 11.Bh4 Qd7 12.Nd2 Qe6 13.e3 Nd4 14.Qd3 Bxc3 15.bxc3 Nf5 16.Bg3 Nxg3 17.hxg3 Bd7 18.Rb1 Bc6 19.Nc4 Nb6 20.Qd4 O-O-O 21.Rb2 h5 22.Na5 Be4 23.f3 gxf3 24.gxf3 Bxf3 25.Bh3 f5 26.O-O Bg4 27.Bg2 d5 28.a4 Rhe8 29.Kf2 Qe5 30.Qc5 Qd6 31.Qb5 c6 32.Qd3 Qc5 33.Nb3 Qc4 34.Qd2 h4 35.a5 Na4 36.Rbb1 hxg3+ 37.Kxg3 Nxc3 0-1

[Event "Nagoya Open"]
[Date "2007.05.27"]
[Round "3"]
[White "Hoshino,E"]
[Black "Gonda,G"]
[Result "0-1"]
[WhiteElo "1747"]
[BlackElo "2033"]
1.d4 Nf6 2.c4 e6 3.Nc3 Bb4 4.Qc2 Nc6 5.e3 O-O 6.a3 Bxc3+ 7.bxc3 e5 8.d5 Ne7 9.e4 d6 10.Be2 Ng6 11.Nf3 Qe7 12.O-O h6 13.Re1 b6 14.a4 a5 15.Bf1 Nh5 16.g3 f5 17.exf5 Bxf5 18.Bd3 Bxd3 19.Qxd3 Qf7 20.Re3 Nf6 21.Nd2 e4 22.Qe2 Ne5 23.Nxe4 Nfg4 24.f4 Nxe3 25.Bxe3 Nd7 26.Bd4 Rae8 27.Re1 Qf5 28.Qf3 Rf7 29.g4 Qxf4 30.Nf6+ Nxf6 31.Qxf4 Rxe1+ 32.Kg2 Nxd5 33.Qg3 Nf4+ 34.Kf2 Nh5+ 0-1

[Event "Nagoya Open"]
[Date "2007.05.27"]
[Round "3"]
[White "Irie,Y"]
[Black "Lacang,P"]
[Result "1-0"]
[WhiteElo "1986"]
[BlackElo "1740"]
1.d4 Nf6 2.c4 d6 3.Nf3 g6 4.Nc3 Bg7 5.e4 Nbd7 6.Be2 e5 7.d5 O-O 8.O-O Ne8 9.a3 f5 10.Ng5 Ndf6 11.exf5 gxf5 12.f4 e4 13.Be3 h6 14.Nh3 c5 15.Nf2 Kh8 16.Rb1 a5 17.Kh1 Rg8 18.Rg1 Bf8 19.b4 axb4 20.axb4 Ra3 21.Rb3 cxb4 22.Nb5 Rxb3 23.Qxb3 h5 24.Bd4 Kh7 25.Qd1 h4 26.Nh3 Bh6 27.Qe1 Ng4 28.Qxb4 e3 29.Rf1 Qe7 30.Qe1 Bd7 31.Nc3 Rg6 32.Bf3 Nc7 33.Nd1 b5 34.Nxe3 Nxe3 35.Bxe3 bxc4 36.Ng5+ Kg8 37.Bh5 Bxg5 38.Bxg6 Bf6 39.Qa5 Nb5 40.Bg1 Kg741.Bxf5 Bxf5 42.Qxb5 Qe4 43.Rf3 h3 44.Qb7+ Kh6 45.Qf7 hxg2+ 46.Kxg2 Bg7 47.Kg3 c3 48.Re3 Qb1 49.Bf2 Bg6 50.Qe6 Qf1 51.Re1 Qd3+ 52.Re3 Qf1 53.Qg4 Bf6 54.f5 Bh5 55.Qf4+ Kg7 56.Re6 Be5 57.Rxe5 dxe5 58.Qxe5+ Kg8 59.Qxc3 Qe2 60.h3 Qe4 61.Qc8+ Kh7 62.Qc7+ Kg8 63.Qf4 Qe8 64.Qg5+ Kh7 65.f6 Bg6 66.Qf4 Bf7 67.Be3 Qg8+ 68.Kh4 Qg6 69.d6 Qh5+ 70.Kg3 Be6 71.Qh4 Qxh4 72.Kxh4 Kg6 73.Bd4 Bd7 74.Kg3 Kf7 75.h4 Ke6 76.Kf4 Kxd6 77.Kg5 Ke6 78.Kg6 Be8+ 79.Kg7 Bh5 80.Bc5 Be8 81.Bd4 Bh5 82.Kh6 Bf3 83.Kg6 Bd5 84.Kg7 1-0

[Event "Nagoya Open"]
[Date "2007.05.27"]
[Round "3"]
[White "Fujisawa,H"]
[Black "Akai,K"]
[Result "0-1"]
[WhiteElo "1735"]
[BlackElo "1883"]
1.c4 e6 2.Nc3 d5 3.cxd5 exd5 4.d3 c5 5.Nf3 Nc6 6.g3 Nf6 7.Bg2 d4 8.Nb1 Be7 9.O-O O-O 10.Na3 Be6 11.Bd2 Bd5 12.b3 Re8 13.Nc4 b5 14.Nb2 Rc8 15.a4 a6 16.Bh3 Ra8 17.Qc2 Bd6 18.Bg5 h6 19.Bxf6 Qxf6 20.Bg2 Qe6 21.Rfe1 Bxb3 22.Qd2 Bd5 23.e4 dxe3 24.Rxe3 Qf6 25.axb5 axb5 26.Rxe8+ Rxe8 27.Nh4 Bxg2 28.Kxg2 Qe5 29.Nf3 Qd5 30.Re1 Rd8 31.Nd1 Nd4 32.Qe3 Nc2 0-1

[Event "Nagoya Open"]
[Date "2007.05.27"]
[Round "3"]
[White "Beheshiti"]
[Black "Robertson,P"]
[Result "0-1"]
[WhiteElo "1154"]
[BlackElo "1549"]
1.e4 c5 2.c3 d5 3.exd5 Qxd5 4.d4 e6 5.Nf3 Nc6 6.Bb5 Bd7 7.Qd3 a6 8.Bc4 Qd6 9.O-O b5 10.Bxb5 axb5 11.Qxb5 Nxd4 12.Qb7 Nxf3+ 13.Qxf3 Bc6 14.Qf4 Qd5 15.Qg3 Nf6 16.f3 g6 17.Kh1 Bd6 18.Qf2 Qe5 19.f4 Qd5 20.Qf3 Qxf3 21.gxf3 O-O 22.Na3 Nh5 23.Be3 Rfb8 24.Nc4 Bxf4 25.Bxc5 Bd5 26.b3 Bxc4 27.bxc4 Rb2 28.Bg1 Raxa2 29.Rxa2 Rxa2 30.Bf2 Rc2 31.Kg1 Rxc3 32.c5 Nf6 33.Rd1 Rc1 34.Rxc1 Bxc1 35.c6 Nd5 36.Bg3 Be3+ 37.Kg2 Bb6 38.Be5 Bc7 39.Bg3 Bxg3 40.hxg3 Kf8 41.Kh3 Ke7 42.Kh4 h6 43.f4 Kd6 44.g4 Nxf4 45.g5 hxg5 46.Kxg5 Nd5 47.Kh6 Kxc6 48.Kg7 g5 49.Kxf7 g4 50.Kxe6 g3 51.Ke5 g2 52.Ke4 g1=Q 53.Ke5 Qg5+ 54.Kd4 Qf4+ 55.Kd3 Qe3+ 56.Kc2 Qc3+ 57.Kb1 Nf4 58.Ka2 Nd3 0-1

[Event "Nagoya Open"]
[Date "2007.05.27"]
[Round "3"]
[White "Sawamura,T"]
[Black "Morimoto,K"]
[Result "1/2-1/2"]
[WhiteElo "1716"]
[BlackElo "1412"]
1.b4 d5 2.Bb2 Nf6 3.e3 e6 4.b5 c6 5.a4 g6 6.Nf3 Bg7 7.c4 O-O 8.Qc2 Bd7 9.Nc3 a6 10.Be2 dxc4 11.Bxc4 axb5 12.axb5 Rxa1+ 13.Bxa1 cxb5 14.Nxb5 Bxb5 15.Bxb5 Qa5 16.Qb1 Nc6 17.Bxc6 bxc6 18.O-O Qd5 19.Rc1 Ne4 20.Bxg7 Kxg7 21.Qb2+ Kg8 22.d4 Ra8 23.Rf1 Ra2 24.Qb8+ Kg7 25.Qe5+ Kg8 26.Qb8+ Kg7 27.Qe5+ Kg8 28.Qb8+ Kg7 29.Qe5+ 1/2-1/2

[Event "Nagoya Open"]
[Date "2007.05.27"]
[Round "3"]
[White "Yokomizo,Y"]
[Black "Iwaki,R"]
[Result "1-0"]
[WhiteElo "1607"]
[BlackElo "400"]
1.e4 e6 2.d3 c5 3.Qe2 Nc6 4.c3 Nge7 5.Na3 a6 6.g3 b5 7.f4 Qc7 8.Bh3 b4 9.Nc2 g6 10.Nf3 Rb8 11.O-O Bb7 12.Nh4 Ba8 13.Ne3 bxc3 14.bxc3 Bg7 15.Bd2 Qa5 16.Nd1 Qa3 17.f5 Be5 18.Qf3 exf5 19.Bxf5 Nxf5 20.Nxf5 O-O 21.Nfe3 Nb4 22.Nc4 1-0

[Event "Nagoya Open"]
[Date "2007.05.27"]
[Round "4"]
[White "Gonda,G"]
[Black "Looijmans,K"]
[Result "1-0"]
[WhiteElo "2033"]
[BlackElo "2042"]
1.d4 d5 2.c4 c6 3.Nf3 Nf6 4.Nc3 e6 5.cxd5 cxd5 6.Bf4 Nc6 7.e3 Be7 8.Bd3 Nh5 9.Be5 f5 10.O-O O-O 11.Rc1 Bd7 12.Na4 Nb4 13.Bb1 Bxa4 14.Qxa4 Nc6 15.a3 Qd7 16.Qd1 Nf6 17.h3 Rac8 18.Bf4 Ne4 19.Qe2 Bf6 20.Rfd1 Na5 21.Ne5 Bxe5 22.Bxe5 Nb3 23.Rxc8 Rxc8 24.f3 Nf6 25.e4 fxe4 26.Bxf6 gxf6 27.fxe4 dxe4 28.Qxe4 e5 29.Ba2 Qb5 30.Qg4+ 1-0

[Event "Nagoya Open"]
[Date "2007.05.27"]
[Round "4"]
[White "Bibby,S"]
[Black "Takahashi,R"]
[Result "1-0"]
[WhiteElo "2219"]
[BlackElo "1984"]
1.d4 Nf6 2.Nf3 e6 3.Bg5 d5 4.Nbd2 Be7 5.e3 Nbd7 6.c3 O-O 7.Bd3 c5 8.Ne5 Re8 9.f4 Nf8 10.Qf3 Bd7 11.g4 Bc6 12.h4 N6d7 13.Bxe7 Qxe7 14.g5 f5 15.gxf6 Qxf6 16.Ng4 Qf7 17.h5 cxd4 18.exd4 Kh8 19.O-O-O b5 20.Qg3 a5 21.Nf3 b4 22.Nfe5 Nxe5 23.Nxe5 Qb7 24.Rdg1 bxc3 25.bxc3 Ra7 26.Rh2 Rb8 27.Qg5 Qe7 28.Qxe7 1-0

[Event "Nagoya Open"]
[Date "2007.05.27"]
[Round "4"]
[White "Shiomi,R"]
[Black "Akai,K"]
[Result "1-0"]
[WhiteElo "2073"]
[BlackElo "1883"]
1.e4 e5 2.Nf3 Nc6 3.d4 exd4 4.Nxd4 Bc5 5.Nb3 Bb4+ 6.Bd2 Bxd2+ 7.Qxd2 Nf6 8.Nc3 d6 9.O-O-O Be6 10.h3 a6 11.g4 Qe7 12.f4 Bxb3 13.axb3 O-O-O 14.Bg2 h6 15.Rhe1 Qf8 16.Qe2 Ne8 17.e5 Na7 18.Kb1 Kb8 19.f5 Nc8 20.e6 fxe6 21.fxe6 Ne7 22.Rf1 Nf6 23.Ne4 Neg8 24.Nxf6 gxf6 25.Rde1 Qe7 26.Qe4 c6 27.Qb4 c5 28.Qc4 Rh7 29.Qd5 Rg7 30.Rf5 Rg5 31.Rd1 Qc7 32.Qe4 Rg7 33.Rfd5 Re7 34.R5d2 Rg7 35.Qf4 Re7 36.Rxd6 Rxd6 37.Qxd6 Qxd6 38.Rxd6 Kc7 39.Rd7+ Rxd7 40.exd7 b6 41.Bd5 Ne7 42.Be6 Ng6 43.Kc1 Nf4 44.Bf5 Ne2+ 45.Kd2 Nd4 46.Bd3 b5 47.Ke3 Kxd7 48.b4 Kd6 49.Ke4 Kc6 50.bxc5 Ne6 51.Kf5 Nxc5 52.Bf1 a5 53.Kxf6 Ne4+ 54.Kg6 Nf2 55.Kxh6 1-0

[Event "Nagoya Open"]
[Date "2007.05.27"]
[Round "4"]
[White "Kojima,S"]
[Black "Noguchi,K"]
[Result "1-0"]
[WhiteElo "2189"]
[BlackElo "1979"]
1.Nf3 g6 2.d4 Bg7 3.e4 d6 4.Nc3 Nf6 5.h3 c6 6.Be3 O-O 7.Bd3 Nbd7 8.Qd2 e5 9.dxe5 dxe5 10.O-O-O Qa5 11.Bh6 b5 12.Bxg7 Kxg7 13.Kb1 Re8 14.g4 Nc5 15.Qe3 b4 16.Ne2 Be6 17.Nc1 Na4 18.Ng5 Qc5 19.Nxe6+ Rxe6 20.Qxc5 Nxc5 21.Bc4 Ree8 22.f3 Rad8 23.Rxd8 Rxd8 24.Nd3 Nfd7 25.Nxb4 Nb6 26.Nxc6 Rd6 27.Nxe5 f6 28.Nd3 Nxe4 29.fxe4 Nxc4 30.Kc1 Kh6 31.b3 Ne3 32.Rg1 f5 33.gxf5 gxf5 34.Kd2 f4 35.c4 Rd4 36.c5 Rxe4 37.Nxf4 Nf5 38.Nd3 Nd4 39.Rg4 Re2+ 40.Kd1 1-0

[Event "Nagoya Open"]
[Date "2007.05.27"]
[Round "4"]
[White "Mori,T"]
[Black "Irie,Y"]
[Result "0-1"]
[WhiteElo "1740"]
[BlackElo "1986"]
1.e4 d6 2.d4 c5 3.d5 Nf6 4.Bd3 g6 5.c4 Bg7 6.Nc3 Nbd7 7.f4 a6 8.Nf3 h5 9.h4 Ng4 10.Qe2 Bd4 11.Nxd4 cxd4 12.Nd1 b5 13.cxb5 O-O 14.Nf2 Nc5 15.b4 Na4 16.O-O Qb6 17.Bd2 Bd7 18.Rfc1 Bxb5 19.Nxg4 hxg4 20.Rc2 Nc3 21.Bxc3 dxc3+ 22.Kh2 Rfc8 23.Rac1 Qd4 24.Bxb5 axb5 25.Re1 Rc4 26.Qxg4 Rxb4 27.h5 Kg7 28.f5 Rh8 29.fxg6 f6 30.Qf5 Rb2 31.Rec1 Rxc2 32.Rxc2 Qd1 33.g4 Qxc2+ 34.Kh3 Qe2 35.Qe6 Rxh5 36.gxh5 Qxh5+ 37.Kg2 Kxg6 38.Qxe7 Qe5 0-1

[Event "Nagoya Open"]
[Date "2007.05.27"]
[Round "4"]
[White "Yokomizo,Y"]
[Black "Nanjo,R"]
[Result "0-1"]
[WhiteElo "1607"]
[BlackElo "2231"]
1.e4 c5 2.Nc3 Nc6 3.d3 g6 4.g3 Bg7 5.Be3 d6 6.Qd2 e5 7.Bg2 Nd4 8.Nd1 Ne7 9.c3 Ne6 10.Bh6 Bxh6 11.Qxh6 Nc6 12.Nh3 Qe7 13.O-O Qf8 14.Qd2 Qg7 15.Ne3 O-O 16.Nd5 f6 17.f4 Nc7 18.Ne3 Be6 19.f5 Bf7 20.Ng4 g5 21.Nhf2 Rad8 22.Ne3 d5 23.exd5 Nxd5 24.Nxd5 Bxd5 25.Bxd5 Rxd5 26.Qc2 Qd7 27.Ne4 b6 28.Rad1 Kg7 29.Qa4 Ne7 30.Qb3 Rxd3 31.Rde1 Nd5 32.Nf2 Rd2 33.Ne4 Rd3 34.Nf2 Rf3 35.Rd1 Rd8 36.g4 Qc6 37.Rfe1 Nf4 38.Ne4 Rxd1 39.Qxd1 Rd3 40.Qc2 c4 41.Qf2 Nh3+ 0-1

[Event "Nagoya Open"]
[Date "2007.05.27"]
[Round "4"]
[White "Lacang,P"]
[Black "Beheshiti"]
[Result "1-0"]
[WhiteElo "1740"]
[BlackElo "1154"]
1.e4 c5 2.Nf3 d6 3.d4 cxd4 4.Nxd4 Nf6 5.Nc3 a6 6.Be3 e5 7.Nb3 Be6 8.Be2 b5 9.f3 Be7 10.Qd2 Nbd7 11.g4 Nb6 12.a3 Nc4 13.Bxc4 bxc4 14.Nc1 O-O 15.N1e2 d5 16.exd5 Nxd5 17.Nxd5 Bxd5 18.O-O Rc8 19.Rad1 Ba8 20.Qc3 Qc7 21.Ng3 Bc5 22.Nf5 Bxe3+ 23.Qxe3 Qc5 24.Kf2 Qxe3 25.Kxe3 Rfe8 26.Nd6 Rb8 27.Nxe8 Rxe8 28.Rd6 e4 29.f4 h6 30.Rfd1 Kh7 31.Rd8 Rxd8 32.Rxd8 Bc6 33.Rd6 Bb7 34.Rb6 Bc8 35.h3 a5 36.Kxe4 h5 37.f5 hxg4 38.hxg4 g6 39.Ke5 g5 40.Kf6 c3 41.bxc3 a4 42.Rb8 Ba6 43.Kxg5 f6+ 44.Kxf6 Be2 45.Rb7+ Kh8 46.g5 Bh5 47.g6 Kg8 48.Rb8+ 1-0